MARC details
| 000 -LEADER |
| fixed length control field |
02395nam a22003617a 4500 |
| 001 - CONTROL NUMBER |
| control field |
104383 |
| 003 - CONTROL NUMBER IDENTIFIER |
| control field |
KnowledgeUnlatched |
| 005 - DATE AND TIME OF LATEST TRANSACTION |
| control field |
20210303104942.0 |
| 006 - FIXED-LENGTH DATA ELEMENTS--ADDITIONAL MATERIAL CHARACTERISTICS |
| fixed length control field |
m o d |
| 007 - PHYSICAL DESCRIPTION FIXED FIELD--GENERAL INFORMATION |
| fixed length control field |
cr u|||||||||| |
| 008 - FIXED-LENGTH DATA ELEMENTS--GENERAL INFORMATION |
| fixed length control field |
210129p20102020xx o u00| u eng d |
| 037 ## - SOURCE OF ACQUISITION |
| Institution to which field applies |
BiblioBoard |
| 020 ## - INTERNATIONAL STANDARD BOOK NUMBER |
| International Standard Book Number |
9789027288486 |
| 024 8# - OTHER STANDARD IDENTIFIER |
| Standard number or code |
https://doi.org/10.1075/z.154 |
| 029 1# - OTHER SYSTEM CONTROL NUMBER (OCLC) |
| OCLC library identifier |
https://library.biblioboard.com/ext/api/media/5addd008-32bc-488c-95e1-e1a9bd3a5291/assets/thumbnail.jpg |
| 040 ## - CATALOGING SOURCE |
| Original cataloging agency |
ScCtBLL |
| Transcribing agency |
ScCtBLL |
| 245 00 - TITLE STATEMENT |
| Title |
Chomskyan (R)evolutions |
| Statement of responsibility, etc. |
Douglas A. Kibbee. |
| 264 #1 - PRODUCTION, PUBLICATION, DISTRIBUTION, MANUFACTURE, AND COPYRIGHT NOTICE |
| Name of producer, publisher, distributor, manufacturer |
John Benjamins Publishing Company, |
| 300 ## - PHYSICAL DESCRIPTION |
| Extent |
1 online resource (1 p.) |
| 506 0# - RESTRICTIONS ON ACCESS NOTE |
| Terms governing access |
Access copy available to the general public. |
| Standardized terminology for access restriction |
Unrestricted |
| Source of term |
star |
| 520 ## - SUMMARY, ETC. |
| Summary, etc. |
It is not unusual for contemporary linguists to claim that "Modern Linguistics began in 1957" (with the publication of Noam Chomsky's Syntactic Structures). Some of the essays in Chomskyan (R)evolutions examine the sources, the nature and the extent of the theoretical changes Chomsky introduced in the 1950s. Other contributions explore the key concepts and disciplinary alliances that have evolved considerably over the past sixty years, such as the meanings given for "Universal Grammar", the relationship of Chomskyan linguistics to other disciplines (Cognitive Science, Psychology, Evolutionary Biology), and the interactions between mainstream Chomskyan linguistics and other linguistic theories active in the late 20th century: Functionalism, Generative Semantics and Relational Grammar. The broad understanding of the recent history of linguistics points the way towards new directions and methods that linguistics can pursue in the future. |
| 588 0# - SOURCE OF DESCRIPTION NOTE |
| Source of description note |
Description based on print version record. |
| 590 ## - LOCAL NOTE (RLIN) |
| Local note |
KU Select 2019: HSS Backlist Books |
| 650 #7 - SUBJECT ADDED ENTRY--TOPICAL TERM |
| Topical term or geographic name entry element |
Language Arts & Disciplines / Linguistics |
| Source of heading or term |
bisacsh |
| 650 #0 - SUBJECT ADDED ENTRY--TOPICAL TERM |
| Topical term or geographic name entry element |
Language arts |
| 655 #0 - INDEX TERM--GENRE/FORM |
| Genre/form data or focus term |
Electronic books. |
| 700 1# - ADDED ENTRY--PERSONAL NAME |
| Personal name |
Kibbee, Douglas A. |
| Relator term |
editor. |
| 758 ## - |
| -- |
Is found in: |
| -- |
Knowledge Unlatched |
| -- |
https://openresearchlibrary.org/module/2774bc74-146a-484f-a7ba-ab1d6a09bbfb |
| 856 40 - ELECTRONIC LOCATION AND ACCESS |
| Uniform Resource Identifier |
<a href="https://openresearchlibrary.org/content/5addd008-32bc-488c-95e1-e1a9bd3a5291">https://openresearchlibrary.org/content/5addd008-32bc-488c-95e1-e1a9bd3a5291</a> |
| Public note |
View this content on Open Research Library. |
| -- |
0 |